Vizualizácia neurónových sietí

Na minha lista:
Detalhes bibliográficos
Autor principal: Bista, Jakub (Author)
Outros Autores: Kapec, Peter (Thesis advisor)
Formato: Manuscrito Livro
Idioma:eslovaco
Publicado em: 2019
Assuntos:
Acesso em linha:http://is.stuba.sk/zp/portal_zp.pl?podrobnosti=134717
Tags: Adicionar Tag
Sem tags, seja o primeiro a adicionar uma tag!

MARC

LEADER 00000ntm a22000003a 4500
001 stuzp75093
003 SK-STU
005 20190723112525.8
007 ta
008 150427s2015----xo-----f-mn---000-0-slo-d
040 |a STU  |b slo 
041 0 |a slo 
044 |a xo 
100 1 |a Bista, Jakub  |u 070400  |4 aut  |U FIIT Fakulta informatiky a informačných technológií  |T FIIT Ústav počítačového inžinierstva a aplikovanej informatiky  |X 85775  |U I400  |Y 672  |7 85775 
242 0 1 |a Visualization of Neural Networks  |y eng 
245 1 0 |a Vizualizácia neurónových sietí 
260 |c 2019 
300 |e Neobsahuje CD-rom 
650 4 |a Neurónové siete  |2 slo 
650 4 |a Hlboké učenie  |2 slo 
650 4 |a Vizualizácia  |2 slo 
650 4 |a Visualization  |2 eng 
650 4 |a Neural Networks  |2 eng 
650 4 |a Deep Learning  |2 eng 
700 1 |a Kapec, Peter  |u 070400  |k Z1  |4 ths  |U FIIT Fakulta informatiky a informačných technológií  |T FIIT Ústav počítačového inžinierstva a aplikovanej informatiky  |X 10235  |U I400  |Y 672  |7 A000010235 
856 4 |u http://is.stuba.sk/zp/portal_zp.pl?podrobnosti=134717 
996 |b IZP20180321  |c I*BAP41/19  |l II680  |s P  |a 0  |w stuzp75093_0001